QCM culture générale 1 - Statistiques

Statistiques générales
  • Ce quiz a été pris 652 fois
  • Le résultat moyen est 6 sur 10
Statistiques - réponses
Question Réponse % Correct
Complétez cette suite: 1-2-4-8-16-32-? 64
100%
Dans quel dessin animé des années 80 retrouve t-on les personnages d'Esteban, Zia et Tao? Les Mystérieuses Cités d'or
90%
Quel pays à organisé et remporté la première Coupe du Monde de Football en 1930? Uruguay
74%
Qui fut opposé à Nicolas Sarkozy au second tour de l'élection présidentielles en 2007? Ségolène Royal
57%
Quelle est la ville la plus peuplée de Nouvelle-Zélande? Auckland
52%
Qui a écrit la trilogie des Fourmis? Bernard Werber
50%
Lequel de ces films n'est pas adapté d'un roman ou nouvelle de Stephen King? Freddy - Les griffes de la nuit
50%
Quel est le seul pays frontalier de la Gambie? Sénégal
38%
Qui fut Roi de France de 1589 à 1610? Henri IV
36%
Quelle est la capitale de la Namibie? Windhoek
31%
Aucun quiz correspondant
Distribution des résultats
% des personnes avec chaque résultat
Percentile par nombre de réponses
Votre historique - résultats
Vous n’avez pas pris ce quiz